The BASICS of investing

Bibliographic Details
Main Author: Krefetz, Gerald
Format: Book
Published: Kuala Lumpur : Golden Books Centre , 1992
Subjects:

MARC

LEADER 00000cam a2200000 7i4500
001 0000005066
002 000005463
005 .0
020 |a 9837200383 
090 0 0 |a 332.6   |b KRE 
100 1 |a Krefetz, Gerald 
245 1 4 |a The BASICS of investing   |c by Gerald Krefetz 
260 |a Kuala Lumpur :   |b Golden Books Centre ,   |c 1992 
300 |a 196p. ;   |c 22cm. 
650 0 0 |a Investments   |x Shawes   |x Stocks 
999 |a 033290   |b BUKU   |c PINJAMAN   |e PERPUSTAKAAN KOMUNITI PETALING JAYA